Bipolárka : autobiografický příběh o životě s maniodepresivní poruchou /
Autorka, která působí jako herečka v pražském Divadle Sklep, se celoživotně potýká s bipolární poruchou. Ve své próze odkrývá autentickou zkušenost s touto psychickou nemocí a otevírá tak ve společnosti stále tabuizované téma.
Uloženo v:
| Hlavní autor: | |
|---|---|
| Médium: | Kniha |
| Jazyk: | Czech |
| Vydáno: |
Praha :
Cosmopolis,
2026
|
| Vydání: | První vydání |
| Témata: | |
| Celkem bylo vypůjčeno: | 0x |
| Tagy: |
Žádné tagy |
| LEADER | 02674nam a2200505 i 4500 | ||
|---|---|---|---|
| 001 | 106325 | ||
| 003 | CZ PrNK | ||
| 005 | 20260513093813.0 | ||
| 007 | ta | ||
| 008 | 260428s2026 xr g 000 facze | ||
| 015 | |a cnb003754699 | ||
| 020 | |a 9788027158133 |q (brožováno) : |c Kč 299,00 | ||
| 040 | |a ABG001 |b cze |e rda | ||
| 072 | 7 | |a 821.162.3-3 |x Česká próza |2 Konspekt |9 25 | |
| 072 | 7 | |a 929 |x Biografie |2 Konspekt |9 8 | |
| 080 | |a 821.162.3-3 |2 MRF | ||
| 080 | |a 792.071.2-055.2 |2 MRF | ||
| 080 | |a 616.895.1 |2 MRF | ||
| 080 | |a 929 |2 MRF | ||
| 080 | |a (437.3) |2 MRF | ||
| 080 | |a (0:82-322.6) |2 MRF | ||
| 100 | 1 | |a Kušiaková Pafková, Hana, |d 1970- |7 xx0042570 |4 aut |9 117345 | |
| 245 | 1 | 0 | |a Bipolárka : |b autobiografický příběh o životě s maniodepresivní poruchou / |c Hana Kušiaková Pafková |
| 250 | |a První vydání | ||
| 264 | 1 | |a Praha : |b Cosmopolis, |c 2026 | |
| 300 | |a 178 stran ; |c 20 cm | ||
| 336 | |a text |b txt |2 rdacontent | ||
| 337 | |a bez média |b n |2 rdamedia | ||
| 338 | |a svazek |b nc |2 rdacarrier | ||
| 520 | 2 | |a Autorka, která působí jako herečka v pražském Divadle Sklep, se celoživotně potýká s bipolární poruchou. Ve své próze odkrývá autentickou zkušenost s touto psychickou nemocí a otevírá tak ve společnosti stále tabuizované téma. |b Kniha je kombinací retrospektivního vyprávění, deníkových záznamů a textů psaných pod vlivem nemoci. Autorka, která je zároveň zkušenou překladatelkou, popisuje tuto problematiku velmi čtivě, s nadsázkou a humorem. Kniha díky tomu zaujme i čtenáře, který s bipolaritou nemá bezprostřední zkušenost. Součástí knihy je rozsáhlý rozhovor s psychiatrem, vysokoškolským profesorem a ředitelem Národního ústavu duševního zdraví Jiřím Horáčkem. Nakladatelská anotace. | |
| 600 | 1 | 7 | |a Kušiaková Pafková, Hana, |d 1970- |7 xx0042570 |2 czenas |9 117345 |
| 648 | 7 | |a 20.-21. století |7 ch462155 |2 czenas |9 53009 | |
| 650 | 0 | 7 | |a divadelní herečky |7 ph119498 |y 20.-21. století |z Česko |2 czenas |
| 650 | 0 | 7 | |a bipolární afektivní porucha |7 ph122610 |2 czenas |9 1133 |
| 650 | 0 | 9 | |a actresses |y 20th-21st centuries |z Czechia |2 eczenas |
| 650 | 0 | 9 | |a bipolar affective disorder |2 eczenas |
| 655 | 7 | |a české prózy |7 fd133972 |2 czenas |9 54029 | |
| 655 | 7 | |a autobiografické prózy |7 fd131850 |2 czenas |9 53454 | |
| 655 | 9 | |a Czech prose |2 eczenas | |
| 655 | 9 | |a autobiographical prose |2 eczenas | |
| 710 | 2 | |a Cosmopolis (nakladatelství) |7 ko20251277653 |4 pbl |9 117136 | |
| 910 | |a UOG502 | ||
| 942 | |2 ddc |c KN | ||
| 999 | |d 106325 | ||
| 993 | |0 0 |1 421180107046 |2 ddc |4 0 |7 0 |9 99698 |b 0 |c 107046 |d 2026-05-13 |e 0 |f DOSP |h 299.00 |i Koupě |l DOSP |r 2026-05-13 |t 6 |w 2026-05-13 |y KN |z BELET |n | ||